Films en images - J - Statistiques

Statistiques générales
  • Ce quiz a été pris 349 fois
  • Le résultat moyen est 5 sur 16
Statistiques - réponses
Par images Réponse % Correct
Joker
98%
Jumanji : Bienvenue dans la Jungle
67%
John Wick
64%
Jojo Rabbit
42%
Jappeloup
41%
Le jouet
36%
Un jour sans fin
36%
Jeux d'enfants
32%
Jason Bourne
31%
Joséphine
31%
Je verrai toujours vos visages
20%
Jeune et jolie
10%
Je te promets
6%
Je vais bien, ne t'en fais pas
6%
JFK
6%
Jour J
5%
Aucun quiz correspondant
Distribution des résultats
% des personnes avec chaque résultat
Percentile par nombre de réponses
Votre historique - résultats
Vous n’avez pas pris ce quiz